| 000 | 00958nam a22003017a 4500 | ||
|---|---|---|---|
| 001 | 00294 | ||
| 003 | DO-SdBNP | ||
| 005 | 20180312102339.0 | ||
| 007 | 00294 | ||
| 008 | 160429b dr 2005||||| |||| 00| 0 spa d | ||
| 020 | _a9789945111163 (v. 1) Guía | ||
| 040 |
_aBPMSU _bspa _cBPMSU |
||
| 082 | 0 | 4 |
_a371.227 _bA188p 1ro. 2005 |
| 245 | 0 | 0 |
_aActivación del pensamiento 1 / _cAndrés Molina Maloon ... [et al.] ; dirección editorial Obdulia García de Escobar |
| 260 |
_aSanto Domingo : _bSantillana, _c2005. |
||
| 300 |
_a87 p. : _bil., retrs. _c28 cm. |
||
| 490 | 1 | _aÁmbar | |
| 500 | _aLa biblioteca posee solamente la guía | ||
| 650 | 4 | _aAPRENDIZAJE | |
| 650 | 4 | _aPENSAMIENTO CREATIVO | |
| 700 | 1 | _aMolina Moloon, Andrés | |
| 700 | 1 |
_aGarcía de Escobar, Obdulia, _edir. ed. |
|
| 830 | 0 | _aÁmbar | |
| 910 | _aValidado. Control de calidad MFF | ||
| 942 |
_2ddc _cBK |
||
| 945 | _aRemanejado para la BNPHU / 2018 VM | ||
| 956 | _aBTAVÁREZ | ||
| 999 |
_c9960 _d9960 |
||